Normal view
MARC view
- Morrissey, Sean
Entry Personal Name
001 - CONTROL NUMBER
- control field: 95168
003 - CONTROL NUMBER IDENTIFIER
- control field: NUST
005 - DATE AND TIME OF LATEST TRANSACTION
- control field: 20220726114741.0
008 - FIXED-LENGTH DATA ELEMENTS
- fixed length control field: 220726|| aca||aabn | a|a d
040 ## - CATALOGING SOURCE
- Original cataloging agency: NUST
- Transcribing agency: NUST
100 ## - HEADING--PERSONAL NAME
- Personal name: Morrissey, Sean
670 ## - SOURCE DATA FOUND
- Source citation: Work cat.: (NUST)188420: Kubasiak, Ryan R. 95166, Macintosh OS X, iPod, and iPhone forensic analysis DVD toolkit /, c2009.
